000 01172nam a2200289Ia 4500
003 GCL
008 140319s9999 xx 000 0 ara d
020 _a8664509953
040 _aGCL /
_cGCL
082 0 4 _a320.6
_bم أ
100 1 _aهانى عبدالله
245 1 0 _aاسرائيل 2020 : خطتها التفصيلية لمستقبل الدولة والمجتمع (مج 4) :
_bالمجلد الرابع : اسرائيل فى محيط يسوده السلام /
_cهانى عبدالله
700 1 _aالياس شوفانى
700 1 _aسلمان ابو ستة
250 _aالاولى
260 _aبيروت :
_bمركز دراسات الوحدة العربية ،
_c2005
300 _a263 ص ؛
_c24 سم
650 0 4 _aاسرائيل
650 0 4 _aالصهيونية
650 0 4 _aالصهيونية واليهودية
650 0 4 _aالجاليات الاجنبية
650 0 4 _aاسرائيل - الاحوال السياسية
650 0 4 _aاسرائيل - تاريخ - العصر الحديث
650 0 4 _aاسرائيل - الوضع الدولى
650 0 4 _aاسرائيل - التخطيط الاقتصادى
942 _2ddc
_cBK
999 _c7510
_d7510